Foreseeability and limitation of contractual damages in Roman law

This Article studies the limitation of liability for contractual damages in Roman law to examine whether foreseeability in contractual damages was formed in Roman law and its influence on the development of limitation of liability for contractual damages in modern law. It concludes that the limitati...

Teljes leírás

Elmentve itt :
Bibliográfiai részletek
Szerző: Nguyen Thi Quynh
Dokumentumtípus: Cikk
Megjelent: 2025
Sorozat:ZBORNIK RADOVA PRAVNI FAKULTET (NOVI SAD) 59 No. 2
Tárgyszavak:
doi:10.5937/zrpfns59-55383

mtmt:37077845
Online Access:http://publicatio.bibl.u-szeged.hu/39908
LEADER 01448nab a2200229 i 4500
001 publ39908
005 20260417144256.0
008 260417s2025 hu o 000 eng d
022 |a 0550-2179 
024 7 |a 10.5937/zrpfns59-55383  |2 doi 
024 7 |a 37077845  |2 mtmt 
040 |a SZTE Publicatio Repozitórium  |b hun 
041 |a eng 
100 2 |a Nguyen Thi Quynh 
245 1 0 |a Foreseeability and limitation of contractual damages in Roman law  |h [elektronikus dokumentum] /  |c  Nguyen Thi Quynh 
260 |c 2025 
300 |a 9 
300 |a 597-605 
490 0 |a ZBORNIK RADOVA PRAVNI FAKULTET (NOVI SAD)  |v 59 No. 2 
520 3 |a This Article studies the limitation of liability for contractual damages in Roman law to examine whether foreseeability in contractual damages was formed in Roman law and its influence on the development of limitation of liability for contractual damages in modern law. It concludes that the limitation of contractual damages, without general rule, was discussed by some Roman jurists in given contexts and there was a vague implication of foreseeable damages to limit the compensation of damages. The Roman law laid the foundation for the fair limitation of contractual damages which became the inspiration to develop foreseeability and limitation of liability in the law of contract in modern times. 
650 4 |a Jogtudomány 
856 4 0 |u http://publicatio.bibl.u-szeged.hu/39908/1/5.0550-21792502597Q.pdf  |z Dokumentum-elérés